003050000a22001210004500060000800000082001600008100001600024245006900040260003200109260000900141300000800150650002500158 a100 a635.955 BLO aBloom, Alan aMoisture gardening Hardy perennials in their natural environment aLondon, Faber and Faber Ltd c1966 a125 aGardening - moisture